000 00493nam a2200157Ia 4500
005 20241204103759.0
008 230117s9999 xx 000 0 und d
020 _a9788189187644
080 _a89H-4
_bKAL/H
100 _aKalpana Deshpande
245 0 _aHindi ka viashvik paridrishya(हिन्दी का वैखिक परिदृरय)
260 _bVinay Prakashan
_aKanpur
_c2019
300 _a339p.
653 _aEssays - Hindi Literature - Global Perspective
942 _cBK
999 _c110724
_d110723